| 000 | 01061nam a22003137a 4500 | ||
|---|---|---|---|
| 003 | CHAP | ||
| 005 | 20220329140519.0 | ||
| 008 | 971013s1973 r 00010 d | ||
| 010 | _a53145 | ||
| 011 | _a54117 | ||
| 035 | _a58267 | ||
| 040 | _cCHAP | ||
| 082 |
_a595.7 _bR68Y 1965 |
||
| 100 | 0 | 0 |
_aRoss, Herbert Holdsworth. _9100179 |
| 245 | _aIntroducción a la entomología general y aplicada | ||
| 260 |
_aBarcelona : _bOmega, _c1973 |
||
| 300 |
_a536 p. _b: ilus. |
||
| 500 | _aTrad. de la 2 ed. en inglés de 1965 | ||
| 590 |
_aBATCH-UPD _b10 _c20130110 _lUCH01 _h0816 |
||
| 590 |
_aBATCH-UPD _b10 _c20130410 _lUCH01 _h0453 |
||
| 590 |
_aBATCH-UPD _b10 _c20130914 _lUCH01 _h1314 |
||
| 590 |
_aCONVERSION _b10 _c20130109 _lUCH01 _h1329 |
||
| 650 | 1 | 4 |
_aEntomología. _937113 |
| 901 | _aBK | ||
| 942 | _cLIBRO | ||
| 949 |
_a595.7 R68Y 1965 _bBC _cLIBRO _d-126548 _eLIBRO _fc.2 _h45999 _i58267 _si |
||
| 949 |
_a595.7 R68Y 1965 _bBC _cLIBRO _d33724000936563 _eLIBRO _h42005 _i58267 _si |
||
| 949 |
_a595.7 R68Y 1965 _bBC _cLIBRO _d33724000940433 _eLIBRO _fc.3 _h68591 _i58267 _so |
||
| 999 |
_c53145 _d53145 |
||